000 00505 a2200181 4500
003 OSt
005 20240207105743.0
008 240207b |||||||| |||| 00| 0 eng d
020 _a9789395281270
040 _coclc
082 _a894.8123
_bMAN/J
100 _aManattu, Vineetha
_910401
245 _aJanwi /
_c Vineetha Manattu
250 _a`1st ed.
260 _aKozhikode
_bOlive Publications,
_c2022.
300 _a97p.
942 _2ddc
_cBK
_h894.843
_iMAN/K
_k894.8123
_mMAN/K
999 _c44336
_d44336